| 000 | 00408nam a2200181Ia 4500 | ||
|---|---|---|---|
| 001 | 17043 | ||
| 005 | 20260306170356.0 | ||
| 008 | 260306t2016||||xx |||||||||||||| ||und|| | ||
| 041 | _aESP | ||
| 082 |
_a657.42 _bZ32 T. 1 |
||
| 100 |
_aZans Arimana, Walter _eAUT |
||
| 245 | 0 | _aContabilidad de costos I | |
| 260 | _c2016 | ||
| 300 |
_a _c |
||
| 650 | _aGEN | ||
| 654 | _aCCO | ||
| 942 |
_cLIB _dJUS _fJUS _2ddc _n |
||
| 999 |
_c17043 _d17043 |
||